000 00714nam a22002057a 4500
005 20160427165311.0
010 _a1516ENO7
020 _a9789350717103
_c975.00
035 _aB-610788-809
037 _bUBH/Ven.
082 _a346.54066
245 _aTaxmann's companies act 2013 with rules & forms /
260 _aNew Delhi
_bTaxmann Publications
_c2015
270 _a59/32 ,New Rohtak Road,
_bNew Delhi
_e110005
300 _av.p.
_c25cm(pbk)
_bill
700 _aThakore, Dhirajlal Keshavlal
700 _aVahini, Versha
942 _2ddc
_cEN
_h346.54066
_mTAX
999 _c95986
_d95986